LIBRARY & INFORMATION CENTRE, KCAET, TAVANUR

ONLINE PUBLIC ACCESS CATALOGUE (OPAC)

An Outline of Money (Record no. 18936)

MARC details
000 -LEADER
fixed length control field 00263nam a22001217a 4500
003 - CONTROL NUMBER IDENTIFIER
control field OSt
008 - FIXED-LENGTH DATA ELEMENTS--GENERAL INFORMATION
fixed length control field 250106b |||||||| |||| 00| 0 eng d
041 ## - LANGUAGE CODE
Language code of text/sound track or separate title eng
082 ## - DEWEY DECIMAL CLASSIFICATION NUMBER
Classification number 332.4
100 ## - MAIN ENTRY--AUTHOR NAME
Personal name Crowther, Geoffrey
245 ## - TITLE STATEMENT
Title An Outline of Money
942 ## - ADDED ENTRY ELEMENTS (KOHA)
Koha item type Books
Holdings
Withdrawn status Lost status Damaged status Home library Current library Date acquired Cost, normal purchase price Full call number Accession Number Koha item type Public note
Withdrawn     KAUAET KAUAET 06/01/2025 9.00 332.4 13221 Books Withdrawn as per order no D3-1391/92 dated 10/06/93
free website counter